000 01458cad a22002655a 4500
001 L151443
008 101105e20101028xxkd f s f000 0 eng d
035 _a(Sirsi) u151443
041 0 _aeng
050 0 4 _a333.338 $2 18
110 1 _aUnited Kingdom
_bDepartment for Communities and Local Government
_94939
245 0 0 _aAffordable housing supply
_bEngland, 2009-2010
_h[electronic resource]
260 _aLondon
_bDCLG
_c2010
490 0 _aDCLG Housing Statistical Release
_v28 October 2020
505 2 _aNational trends -- Low cost home ownership -- New build and acquisitions -- Regional trends -- Accompanying tables -- Uses of data -- Data sources -- Data quality - Related statistics -- Revisions policy -- Definitions -- User consultation -- Enquiries
520 _aAffordable housing supply in England in 2009-2010. 57 730 gross new affordable homes in England with 33 120 for social rent and 24 610 through intermediate housing schemes including shared ownership and shared equity. Regional affordable housing statistics available.
521 _aAdvanced
590 _aKA NTK
650 2 4 _aDCLG NET HOUSING SUPPLY
651 4 _aUnited Kingdom
_y
690 _aPROPERTY-RESIDENTIAL PROPERTY-DOMESTIC RESIDENTIAL PROPERTY-HOUSING
690 _aBUILT ENVIRONMENT-CONSTRUCTION MARKET
856 4 0 _uhttps://www.communities.gov.uk/documents/statistics/pdf/1752505.pdf
_zView the item free of charge at www.communities.gov.uk.
942 _n0
999 _c111368
_d111368